000 nam a22 7a 4500
999 _c328623
_d328623
003 Nust
005 20170412155430.0
008 170412b xxu||||| |||| 00| 0 eng d
040 _cDLC
082 _a350 CHO
100 _aChomsky Noam
245 _aFailed States /
260 _aAustralia:
_bAllen & Unwin
300 _a319p. :
942 _2ddc
_cBK